000 00558nam a22001817a 4500
003 OSt
005 20221007193510.0
008 221007b |||||||| |||| 00| 0 eng d
020 _a978-987-9395-41-7
040 _cBiblioteca Lado V
082 _a708
_bAL367l
100 _9131
_aAlemany, Eloise Mitsuko
_eautora
245 _aLo que nos rodea nos refleja/
246 _aWhat Surrounds us Reflects us/
260 _aBuenos Aires, Argentina
_bEdiciones Lariviere
_c2008
300 _a173p.
_c20x24cm
942 _2ddc
_c1
_h708
_iAL367l
_n0
999 _c2248
_d2248